Kraje świata - wpisz pierwszą literę - Statystyki

Ogólne statystyki
  • Ten quiz został rozwiązany 312 razy
  • Średni wynik to 80 z 196
Odpowiedzi na mapie
Odpowiedzi zakodowano w zielono-czerwonej skali na mapie do tego quizu, zgodnie z poniższymi procentami.
 
Statystyki odpowiedzi
kraj % Poprawnych
Austria
47%
Estonia
47%
Turkmenistan
47%
Urugwaj
47%
Egipt
46%
Fidżi
46%
Kazachstan
46%
Nikaragua
46%
Vanuatu
46%
Chorwacja
45%
Portugalia
45%
Słowacja
45%
Tuvalu
45%
Bangladesz
44%
Barbados
44%
Bhutan
44%
Boliwia
44%
Bułgaria
44%
Cabo Verde
44%
Gambia
44%
Grecja
44%
Indie
44%
Iran
44%
Komory
44%
Korea Północna
44%
Litwa
44%
Malta
44%
Meksyk
44%
Niger
44%
Oman
44%
Peru
44%
Saint Kitts i Nevis
44%
Singapur
44%
Sri Lanka
44%
Trynidad i Tobago
44%
Czad
43%
Finlandia
43%
Gujana
43%
Gwinea
43%
Kanada
43%
Liechtenstein
43%
Mongolia
43%
Saint Vincent i Grenadyny
43%
Somalia
43%
Surinam
43%
Szwajcaria
43%
Tunezja
43%
Węgry
43%
Angola
42%
Australia
42%
Bahrajn
42%
Belgia
42%
Białoruś
42%
Botswana
42%
Chiny
42%
Cypr
42%
Czarnogóra
42%
Czechy
42%
Dem Rep Konga
42%
Dominikana
42%
Gabon
42%
Gruzja
42%
Honduras
42%
Jordania
42%
Kuba
42%
Mauritius
42%
Norwegia
42%
Palau
42%
Sierra Leone
42%
Syria
42%
Turcja
42%
Włochy
42%
Albania
41%
Algieria
41%
Andora
41%
Arabia Saudyjska
41%
Benin
41%
Eswatini
41%
Filipiny
41%
Ghana
41%
Holandia
41%
Islandia
41%
Kambodża
41%
Kirgistan
41%
Kiribati
41%
Kostaryka
41%
Lesotho
41%
Libia
41%
Malezja
41%
Mali
41%
Maroko
41%
Mjanma
41%
Mołdawia
41%
Republika Południowej Afryki
41%
Serbia
41%
Stany Zjednoczone
41%
Sudan Południowy
41%
Togo
41%
Wietnam
41%
Wyspy Marshalla
41%
Zimbabwe
41%
Zjednoczone Emiraty Arabskie
41%
Argentyna
40%
Burundi
40%
Chile
40%
Erytrea
40%
Francja
40%
Haiti
40%
Indonezja
40%
Irak
40%
Jemen
40%
Korea Południowa
40%
Łotwa
40%
Malawi
40%
Malediwy
40%
Nauru
40%
Rosja
40%
Tanzania
40%
Tonga
40%
Watykan
40%
Afganistan
39%
Brunei
39%
Côte d'Ivoire
39%
Dania
39%
Dżibuti
39%
Gwatemala
39%
Gwinea Bissau
39%
Gwinea Równikowa
39%
Hiszpania
39%
Izrael
39%
Jamajka
39%
Kamerun
39%
Katar
39%
Kenia
39%
Kongo
39%
Kosowo
39%
Kuwejt
39%
Laos
39%
Liberia
39%
Luksemburg
39%
Macedonia Północna
39%
Madagaskar
39%
Mauretania
39%
Monako
39%
Nowa Zelandia
39%
Pakistan
39%
Panama
39%
Paragwaj
39%
Polska
39%
Rumunia
39%
Rwanda
39%
Saint Lucia
39%
Salwador
39%
San Marino
39%
Senegal
39%
Seszele
39%
Tadżykistan
39%
Timor-Leste
39%
Ukraina
39%
Wenezuela
39%
Wyspy Świętego Tomasza i Książeca
39%
Zambia
39%
Armenia
38%
Bahamy
38%
Brazylia
38%
Ekwador
38%
Irlandia
38%
Japonia
38%
Kolumbia
38%
Namibia
38%
Nigeria
38%
Papua-Nowa Gwinea
38%
Sudan
38%
Tajlandia
38%
Uzbekistan
38%
Wielka Brytania
38%
Wyspy Salomona
38%
Belize
37%
Bośnia i Hercegowina
37%
Dominika
37%
Etiopia
37%
Grenada
37%
Liban
37%
Mikronezja
37%
Nepal
37%
Niemcy
37%
Republika Środkowoafrykańska
37%
Samoa
37%
Szwecja
37%
Uganda
37%
Słowenia
36%
Antigua i Barbuda
35%
Azerbejdżan
35%
Burkina Faso
35%
Mozambik
35%
Tajwan
33%
Nie znaleziono quizów pasujących do podanych kryteriów
Rozkład punktacji
Procent ludzi z każdym wynikiem
Percentyl według liczby udzielonych odpowiedzi
Twoja historia wyników
Nie rozwiązałeś tego quizu